| 000 | 00584cam a22002051 4500 | ||
|---|---|---|---|
| 001 | 44754 | ||
| 090 | _a44754 | ||
| 100 | _a19920701d1970 m y0pory5003 ba | ||
| 101 | 1 | _apor | |
| 102 | _aPT | ||
| 200 | 1 |
_aO mistério da patrulha do ártico _fFranklin W. Dixon _gtrad. Manuel Diniz |
|
| 210 | 9 |
_aLisboa _cMiridiano, _d1971 |
|
| 215 |
_a201, [2] p. _c pouco il. _d20 cm |
||
| 225 | 2 |
_aSérie detective _v10 |
|
| 304 | _aTít. orig.: The artic patrol mistery | ||
| 675 |
_a820 _vmed _zpor |
||
| 700 | 1 |
_aDixon, _bFranklin W., |
|
| 702 | 1 |
_92 _aDinis, _bManuel _4730 |
|
| 801 | 0 |
_aPT _bBN _gRPC |
|
| 990 | _cLIVROS | ||